00943nam a22002297a 450000500170000000800410001702000150005804000070007304100080008008200220008810000230011024500620013326000370019530000300023236500240026252003270028665000150061365000220062865000160065065000230066670000240068920211124150801.0211124b ||||| |||| 00| 0 eng d a8187966289 cAL aeng 223a359.790bPALR aPrabhakaran Paleri aRole of the Coast Guard in the Maritime Security of India aNew DelhibKnowledge Worldc2004 axii,377 p.bHBc24x16 cm. b650.00c₹d650.00 aBook Summary of Role Of The Coast Guard In The Maritime Security Of India The coastguards have the capability to elevate the maritime standing of a littoral state in today's world, and also, to build international goodwill by cooperative engagement in humaritarian activities, and international law and treaty obligations. aSea Forces aNational Security aBlue Waters aIndian Coast Guard aPALERI (Prabhakarn)